Deadpool (2016): Characters by Picture - Statistics

General Stats
  • This quiz has been taken 38 times
  • The average score is 6 of 10
Answer Stats
Picture Answer % Correct
Deadpool
100%
Stan Lee
84%
Colossus
78%
Negasonic Teenage Warhead
72%
Vanessa Carlysle
66%
Ajax
63%
Blind Al
59%
Weasel
41%
Bob Dobalina
34%
Angel Dust
22%
No matching quizzes found
Score Distribution
Percent of People with Each Score
Percentile by Number Answered
Your Score History
You have not taken this quiz